Instituciones latinoamericanas de enseñanza superior. (Record no. 51420)

MARC details
000 -LEADER
fixed length control field 00748cam a22002291 4500
001 - CONTROL NUMBER
control field pa 60000017
003 - CONTROL NUMBER IDENTIFIER
control field DLC
005 - DATE AND TIME OF LATEST TRANSACTION
control field 20260227111855.0
008 - FIXED-LENGTH DATA ELEMENTS--GENERAL INFORMATION
fixed length control field 811026s1960 dcu r 000 0 spa c
010 ## - LIBRARY OF CONGRESS CONTROL NUMBER
LC control number pa 60000017
035 ## - SYSTEM CONTROL NUMBER
System control number (OCoLC)7878779
040 ## - CATALOGING SOURCE
Original cataloging agency Pan American Union Library
Transcribing agency DeU
Modifying agency DLC
042 ## - AUTHENTICATION CODE
Authentication code premarc
050 00 - LIBRARY OF CONGRESS CALL NUMBER
Classification number L913
Item number .P26
110 2# - MAIN ENTRY--CORPORATE NAME
Corporate name or jurisdiction name as entry element Pan American Union.
Subordinate unit Division of Education.
-- Documentation and Information Service.
245 10 - TITLE STATEMENT
Title Instituciones latinoamericanas de enseñanza superior.
250 ## - EDITION STATEMENT
Edition statement 1st ed.
260 ## - PUBLICATION, DISTRIBUTION, ETC.
Place of publication, distribution, etc. Washington,
Name of publisher, distributor, etc. Unión Panamericana
Date of publication, distribution, etc. [1960]
300 ## - PHYSICAL DESCRIPTION
Extent vi, 64 p.
Dimensions 28 cm.
650 #0 - SUBJECT ADDED ENTRY--TOPICAL TERM
Topical term or geographic name entry element Universities and colleges
Geographic subdivision Latin America
Form subdivision Directories.
710 2# - ADDED ENTRY--CORPORATE NAME
Corporate name or jurisdiction name as entry element Organization of American States.

No items available.

Powered by Koha